|
|
|
|
| LEADER |
00000nam a2200000 a 4500 |
| 001 |
vtls001418772 |
| 003 |
SK-MaSNL |
| 005 |
20260513042611.0 |
| 008 |
251113s2001 xo ap r 0yy slo |
| 015 |
|
|
|a SNBA2001/11-03867
|
| 020 |
|
|
|a 8022714704
|c 43,00 Sk
|
| 035 |
|
|
|a SNK000373575
|
| 035 |
|
|
|a urn:nbn:sk:snk-amyery
|
| 035 |
|
|
|a urn:nbn:sk:snk-am00chwh
|
| 035 |
|
|
|a 89C67C7A-F24C-4D18-8536-0577EFE260F7
|
| 040 |
|
|
|a SNK
|b slo
|c SNK
|e AACR2
|
| 041 |
0 |
|
|a slo
|
| 044 |
|
|
|a xo
|c SK
|
| 080 |
|
|
|a 621.391:681.32(075.8)
|2 1981
|
| 100 |
1 |
|
|a Kotuliaková, Jana,
|d 1939-
|4 aut
|9 24613
|
| 245 |
1 |
|
|a Číslicové spracovanie signálov
|c Jana Kotuliaková, Gregor Rozinaj
|
| 250 |
|
|
|a 1. vyd., 1. dotl.
|
| 260 |
|
|
|a Bratislava
|b Slovenská technická univerzita
|c 1999
|g 2001
|
| 300 |
|
|
|a 174 s.
|b sch., tab.
|c 29 cm
|
| 490 |
1 |
|
|a Edícia skrípt
|
| 500 |
|
|
|a 200 výt.
|
| 504 |
|
|
|a Bibliogr. s. 173-174. Zoz. použ. skrat. a symbolov
|
| 650 |
0 |
7 |
|a signály
|x spracovanie číslicové
|2 SNK
|9 578196
|
| 655 |
|
7 |
|a Textbooks (higher)
|2 SNKPHeng
|9 276436
|
| 655 |
|
7 |
|a učebnice vysokých škôl
|2 SNKPH
|9 70191
|
| 700 |
1 |
|
|a Rozinaj, Gregor,
|d 1957-
|4 aut
|9 215181
|
| 810 |
2 |
|
|a Slovenská technická univerzita v Bratislave.
|b Fakulta elektrotechniky a informatiky
|t Edícia skrípt
|9 492834
|
| 919 |
|
|
|a 80-227-1470-4
|
| 958 |
|
|
|a TL
|
| 958 |
|
|
|a NB
|
| 958 |
|
|
|a UV
|
| 958 |
|
|
|a OND
|
| 999 |
|
|
|c 898731
|d 900661
|
| 952 |
|
|
|t P60, <03>, [BOOK], {603}
|a SNK
|b SNK
|y PREZ
|7 0
|p 17A0313000
|o snkSB 63832
|i snkKSP 9864/2001
|0 0
|1 0
|4 0
|d 2001-08-20
|f 1
|l 0
|r 2025-04-17 00:00:00
|w 2026-02-24
|
| 952 |
|
|
|t P60, <04>, [BOOK], {604}
|a SNK
|b SNK
|y VYP
|7 0
|p 17A0312999
|o snkSB 63832 D1
|i snkKSP 9865/2001
|0 0
|1 0
|4 0
|d 2001-08-20
|l 0
|r 2005-01-02 00:00:00
|w 2026-02-24
|